| 000 | 00525nam a22001697a 4500 | ||
|---|---|---|---|
| 003 | NUST | ||
| 038 | _aNusrat Nadeem | ||
| 082 | _a200 | ||
| 100 |
_aAli, Rida _997110 |
||
| 245 |
_aRelation Extraction in Legal Judgements through Neural Tensor Network / _cRida Ali |
||
| 264 |
_aIslamabad : _bSEECS, NUST, _c2022. |
||
| 300 | _a57 p. ; | ||
| 650 |
_aMS-Information Technology _926924 |
||
| 700 |
_aSupervisor: Dr Faisal Shafait _996684 |
||
| 856 | _uhttp://10.250.8.41:8080/xmlui/handle/123456789/29804 | ||
| 942 |
_2ddc _cSC |
||
| 999 |
_c590948 _d590948 |
||